| 000 | 00538nam a2200181Ia 4500 | ||
|---|---|---|---|
| 999 |
_c1788 _d1788 |
||
| 003 | OSt | ||
| 005 | 20200928114347.0 | ||
| 008 | 190216s9999||||xx |||||||||||||| ||und|| | ||
| 020 | _a9788121906272 | ||
| 040 | _coclc | ||
| 082 |
_a581.1 _bVER/T |
||
| 100 |
_aVerma, S K _95060 |
||
| 245 | 0 |
_aA Textbook Of Plant Physiology, Biochemistry And Biotechnology / _cS K Verma ; M Verma |
|
| 260 |
_bS Chand & Co, _aNew Delhi: _c2008. |
||
| 300 | _a748p | ||
| 650 | _aBotany | ||
| 942 |
_cBK _2ddc _h581.1 _iVER/T _k581.1 _mVER/T |
||